[Event "3rd Tournament of Peace"]
[Site "Rovinj/Zagreb YUG"]
[Date "1975.05.08"]
[Round "7"]
[White "Hulak, Krunoslav"]
[Black "Nikolac, Juraj"]
[Result "0-1"]
[WhiteElo "2475"]
[BlackElo "2470"]
[EventDate "1975.05.01"]
[PlyCount "94"]

1.e4 e5 2.Nf3 Nc6 3.Bb5 a6 4.Bxc6 dxc6 5.O-O Ne7 6.d3 Ng6 7.Be3 Bd6 8.Nbd2
O-O 9.a4 a5 10.Re1 c5 11.Nf1 f6 12.Ng3 Be6 13.Nd2 Qd7 14.h3 Kh8 15.Nc4 Nh4
16.Kh2 g5 17.Bd2 g4 18.hxg4 Bxg4 19.f3 Be6 20.Rh1 Rg8 21.Be1 b6 22.Kg1 Ng6
23.Nh5 Qf7 24.Qe2 Ne7 25.Kf1 Nc6 26.Nxd6 cxd6 27.Bh4 Rg6 28.g4 Nd4 29.Qf2 
c4 30.Rh3 cxd3 31.cxd3 Rc8 32.Rb1 Rc2 33.Qe3 Ba2 34.Rc1 Qc7 35.Rxc2 Qxc2 
36.Bxf6+ Kg8 37.Bg5 Qb1+ 38.Qc1 Qxd3+ 39.Kg2 Qe2+ 40.Kh1 Bc4 41.Nf6+ Kf7 
42.Rxh7+ Rg7 43.Rxg7+ Kxg7 44.Bh4 Nxf3 45.Ne8+ Kg6 46.Bg3 Nd2 47.Qe1 Nxe4 
0-1

[Event "3rd Tournament of Peace"]
[Site "Rovinj/Zagreb YUG"]
[Date "1975.05.08"]
[Round "7"]
[White "Kuzmin, Gennady"]
[Black "Keene, Raymond Dennis"]
[Result "1/2-1/2"]
[WhiteElo "2600"]
[BlackElo "2505"]
[EventDate "1975.05.01"]
[PlyCount "83"]

1.e4 c6 2.c4 d5 3.exd5 Nf6 4.Nc3 cxd5 5.cxd5 Nxd5 6.Bc4 Nb6 7.Bb3 Nc6 8.
Nf3 g6 9.d4 Bg7 10.O-O O-O 11.d5 Na5 12.Re1 Nxb3 13.axb3 Bg4 14.h3 Bxf3 
15.Qxf3 Re8 16.Be3 Nc8 17.h4 h5 18.Ra4 Nd6 19.g4 hxg4 20.Rxg4 Qc8 21.h5 
Qf5 22.Bf4 Qxh5 23.Kg2 f5 24.Rg5 Qxf3+ 25.Kxf3 Kf7 26.Reg1 Bxc3 27.bxc3 
Rg8 28.Be5 Ne4 29.R5g2 Rad8 30.c4 Nd2+ 31.Kf4 Nxb3 32.Rh2 Nc5 33.Rh7+ Ke8 
34.Bd4 Ne6+ 35.dxe6 Rxd4+ 36.Ke5 Rxc4 37.Rd1 Rc5+ 38.Kf4 Rc4+ 39.Kg3 Rc3+ 
40.f3 Rc7 41.Kf4 a6 42.Kg5 1/2-1/2

[Event "3rd Tournament of Peace"]
[Site "Rovinj/Zagreb YUG"]
[Date "1975.05.08"]
[Round "7"]
[White "Marovic, Drazen"]
[Black "Kovacevic, Vlatko"]
[Result "0-1"]
[WhiteElo "2490"]
[BlackElo "2465"]
[EventDate "1975.05.01"]
[PlyCount "72"]

1.d4 d5 2.c4 c6 3.Nf3 Nf6 4.Nc3 dxc4 5.a4 Bg4 6.Ne5 Bh5 7.f3 Nfd7 8.Nxc4 
e5 9.Ne4 Bb4+ 10.Bd2 Qe7 11.dxe5 O-O 12.Ng3 Na6 13.e4 Nxe5 14.Nxe5 Qxe5 
15.Bxa6 Rfd8 16.Bxb4 Rxd1+ 17.Rxd1 bxa6 18.Bd6 Qg5 19.Kf2 Qh4 20.Rd2 Bg6 
21.Rhd1 f5 22.Kg1 fxe4 23.fxe4 h5 24.e5 Qg5 25.Ne2 h4 26.Nc3 Bh5 27.h3 
Bxd1 28.Rxd1 Qe3+ 29.Kh1 Re8 30.Rf1 Re6 31.Nd1 Qe2 32.Rf8+ Kh7 33.Nf2 Rg6 
34.Ng4 Rxd6 35.exd6 Qd1+ 36.Kh2 Qxd6+ 0-1

[Event "3rd Tournament of Peace"]
[Site "Rovinj/Zagreb YUG"]
[Date "1975.05.08"]
[Round "7"]
[White "Matulovic, Milan"]
[Black "Tringov, Georgi"]
[Result "1/2-1/2"]
[WhiteElo "2530"]
[BlackElo "2470"]
[EventDate "1975.05.01"]
[PlyCount "67"]

1.e4 e5 2.Nf3 Nc6 3.Bb5 Nf6 4.O-O Nxe4 5.Re1 Nd6 6.Nxe5 Be7 7.Bd3 O-O 8.
Nc3 Bf6 9.Nf3 g6 10.Nd5 Bg7 11.c3 Ne8 12.Bc4 Nf6 13.d4 Nxd5 14.Bxd5 h6 15.
Qe2 d6 16.Bd2 a5 17.a4 Nb8 18.Qe7 Qxe7 19.Rxe7 c6 20.Bb3 Bf6 21.Re2 Kg7 
22.Bf4 Rd8 23.h3 Na6 24.Nd2 d5 25.Nf3 Be6 26.Bc2 Rac8 27.Ne5 c5 28.dxc5 d4
29.c6 bxc6 30.Rd1 c5 31.Be4 dxc3 32.Rxd8 Rxd8 33.bxc3 c4 34.Bc6 1/2-1/2

[Event "3rd Tournament of Peace"]
[Site "Rovinj/Zagreb YUG"]
[Date "1975.05.09"]
[Round "8"]
[White "Kovacevic, Vlatko"]
[Black "Minic, Dragoljub"]
[Result "1-0"]
[WhiteElo "2465"]
[BlackElo "2475"]
[EventDate "1975.05.01"]
[PlyCount "87"]

1.Nf3 Nf6 2.d4 g6 3.Bg5 Bg7 4.Nbd2 d6 5.c3 b6 6.e4 Bb7 7.Bb5+ c6 8.Bd3 O-O
9.O-O c5 10.h3 cxd4 11.cxd4 Nc6 12.a3 Nd7 13.Be3 e5 14.d5 Ne7 15.Ne1 f5 
16.f3 f4 17.Bf2 Nf6 18.Rc1 g5 19.Nc2 Rc8 20.Qe2 h5 21.Nb4 g4 22.fxg4 hxg4 
23.hxg4 Rxc1 24.Rxc1 Bc8 25.g5 f3 26.Nxf3 Nh5 27.Qc2 Nf4 28.Bf1 Qe8 29.Qc7
Bg4 30.Rc3 Nc8 31.Nc6 Qh5 32.Ne7+ Nxe7 33.Qxe7 Nh3+ 34.gxh3 Bxf3 35.Rc7 
Bf6 36.Qe6+ Kh8 37.h4 Bxg5 38.Rc8 Bh6 39.Bh3 Rxc8 40.Qxc8+ Kg7 41.Qd7+ Qf7
42.Qxd6 Qf4 43.Qc7+ Kf6 44.Qc6+ 1-0

[Event "3rd Tournament of Peace"]
[Site "Rovinj/Zagreb YUG"]
[Date "1975.05.09"]
[Round "8"]
[White "Kuzmin, Gennady"]
[Black "Matulovic, Milan"]
[Result "1/2-1/2"]
[WhiteElo "2600"]
[BlackElo "2530"]
[EventDate "1975.05.01"]
[PlyCount "163"]

1.e4 c5 2.Nf3 Nc6 3.d4 cxd4 4.Nxd4 Qc7 5.Nc3 e6 6.Be2 a6 7.O-O Nf6 8.Be3 
Bb4 9.Na4 Bd6 10.g3 Be7 11.Nxc6 bxc6 12.e5 Nd5 13.Bd2 c5 14.Bf3 Rb8 15.a3 
c4 16.Bxd5 exd5 17.Nc3 Qc6 18.Ne2 Rxb2 19.Nd4 Qg6 20.Bc3 Rb6 21.f4 h5 22.
Ba5 Rb7 23.f5 Qg4 24.f6 Bc5 25.c3 Qxd1 26.Raxd1 gxf6 27.Rxf6 d6 28.exd6 
Be6 29.Bb4 Bb6 30.a4 a5 31.Ba3 Bxd4+ 32.cxd4 h4 33.Rf3 hxg3 34.Rxg3 Kd7 
35.Rf1 Rb6 36.Rff3 Rb1+ 37.Kg2 Ra1 38.Rf2 Rb8 39.Rf1 Ra2+ 40.Rf2 Ra1 41.
Rf1 Rxf1 42.Kxf1 Rb1+ 43.Kg2 Rd1 44.Bc5 Bf5 45.h4 Bd3 46.Rg5 c3 47.Re5 Rb1
48.Re7+ Kd8 49.Rxf7 c2 50.Rf8+ Kd7 51.Rf7+ Ke6 52.Re7+ Kf6 53.Ba3 Be4+ 54.
Kf2 c1=Q 55.Bxc1 Rxc1 56.Re8 Rc2+ 57.Ke3 Rc3+ 58.Kd2 Rd3+ 59.Ke2 Bf5 60.
Rf8+ Ke6 61.Rxf5 Rxd4 62.d7 Kxd7 63.Ke3 Re4+ 64.Kf3 Ke6 65.Rf4 Re1 66.Kf2 
Ra1 67.Ke3 Ke5 68.Rg4 Ra3+ 69.Kd2 Rh3 70.Kc2 Rh2+ 71.Kd3 Rh3+ 72.Kc2 d4 
73.Rg5+ Ke4 74.Rxa5 Rxh4 75.Ra8 Rh2+ 76.Kc1 Kd3 77.a5 Rc2+ 78.Kb1 Rc5 79.
a6 Kd2 80.a7 Rc7 81.Kb2 Re7 82.Kb3 1/2-1/2

[Event "3rd Tournament of Peace"]
[Site "Rovinj/Zagreb YUG"]
[Date "1975.05.09"]
[Round "8"]
[White "Nikolac, Juraj"]
[Black "Marovic, Drazen"]
[Result "1/2-1/2"]
[WhiteElo "2470"]
[BlackElo "2490"]
[EventDate "1975.05.01"]
[PlyCount "23"]

1.d4 d5 2.c4 c6 3.Nc3 Nf6 4.cxd5 cxd5 5.Nf3 Nc6 6.Bf4 Bf5 7.e3 e6 8.Bb5 
Nd7 9.O-O Be7 10.Rc1 O-O 11.Na4 Rc8 12.Bxc6 1/2-1/2

[Event "3rd Tournament of Peace"]
[Site "Rovinj/Zagreb YUG"]
[Date "1975.05.09"]
[Round "8"]
[White "Planinc, Albin"]
[Black "Ljubojevic, Ljubomir"]
[Result "1/2-1/2"]
[WhiteElo "2535"]
[BlackElo "2615"]
[EventDate "1975.05.01"]
[PlyCount "119"]

1.e4 Nf6 2.e5 Nd5 3.d4 d6 4.Nf3 Nb6 5.Be2 g6 6.a4 Bg7 7.a5 N6d7 8.exd6 
cxd6 9.d5 O-O 10.O-O Nf6 11.c4 Na6 12.Nc3 Nc5 13.Be3 Bg4 14.Bd4 Rc8 15.b4 
e5 16.Be3 Na6 17.Qb3 e4 18.Nd4 Bxe2 19.Ndxe2 Ng4 20.Bxa7 Qh4 21.h3 Ne5 22.
b5 Nf3+ 23.Kh1 Nd2 24.Qa2 Nxf1 25.bxa6 bxa6 26.Rxf1 e3 27.fxe3 Qxc4 28.
Qxc4 Rxc4 29.Nd1 Ra4 30.Nd4 Rxa5 31.Nc3 Rd8 32.Rb1 Ra3 33.Nd1 Rd3 34.Kg1 
a5 35.Nf2 Rxe3 36.Ne6 Rxe6 37.dxe6 fxe6 38.Rb5 a4 39.Ra5 Ra8 40.Rxa4 Bc3 
41.Ne4 Be5 42.Kf1 h6 43.Ke2 Kf7 44.Ra3 Ke8 45.Bc5 Rxa3 46.Bxa3 Kd7 47.Ke3 
Kc6 48.Nf2 Kd5 49.Ng4 Bg7 50.Kd3 Kc6 51.Bc1 h5 52.Nh2 Bf6 53.Nf3 Kd7 54.
Ng5 d5 55.Nh7 Bg7 56.Ba3 Ke8 57.Ng5 Kd7 58.Nh7 Ke8 59.Bc1 Kd7 60.Ba3 
1/2-1/2

[Event "3rd Tournament of Peace"]
[Site "Rovinj/Zagreb YUG"]
[Date "1975.05.09"]
[Round "8"]
[White "Sax, Gyula"]
[Black "Hulak, Krunoslav"]
[Result "1/2-1/2"]
[WhiteElo "2510"]
[BlackElo "2475"]
[EventDate "1975.05.01"]
[PlyCount "137"]

1.e4 e6 2.Nf3 d5 3.Nc3 Bb4 4.a3 Bxc3 5.dxc3 dxe4 6.Qxd8+ Kxd8 7.Ng5 Ke7 8.
Bf4 Nf6 9.Bxc7 h6 10.Bd6+ Ke8 11.Nh3 Nc6 12.O-O-O Bd7 13.Be2 Rc8 14.Nf4 
Ne7 15.h4 Bc6 16.c4 Rd8 17.Be5 Rg8 18.g4 Rxd1+ 19.Rxd1 Nd7 20.Bc3 g5 21.
hxg5 Rxg5 22.Bd2 Ng8 23.Be3 a6 24.Nh5 Rg6 25.b4 Ne5 26.b5 axb5 27.cxb5 Bd7
28.a4 Nxg4 29.a5 Nxe3 30.a6 bxa6 31.bxa6 Rg5 32.fxe3 Bc8 33.a7 Ra5 34.Rd4 
Bb7 35.Rd6 Ke7 36.Ra6 Rxa6 37.Bxa6 Ba8 38.Kd2 Kd6 39.Bb5 Ne7 40.Nf6 Nc8 
41.Be2 Nxa7 42.Ng8 f5 43.Nxh6 Ke7 44.Bh5 Bc6 45.Ng8+ Kd6 46.Nh6 Kd5 47.Ng8
Kd6 48.Nf6 Ke5 49.Nh7 Nb5 50.Be2 Na3 51.c4 Ba4 52.Ng5 Kf6 53.Nh3 e5 54.Kc3
Nb1+ 55.Kb2 Nd2 56.Kc3 Nf3 57.Bxf3 exf3 58.Kd2 Bb3 59.e4 f4 60.c5 Be6 61.
Nf2 Bd7 62.Ke1 Bc6 63.Ng4+ Ke6 64.Nf2 Bb5 65.Ng4 Bd3 66.Nf2 Bb5 67.Ng4 Be8
68.Nf2 Bh5 69.Nd3 1/2-1/2

[Event "3rd Tournament of Peace"]
[Site "Rovinj/Zagreb YUG"]
[Date "1975.05.11"]
[Round "9"]
[White "Hulak, Krunoslav"]
[Black "Planinc, Albin"]
[Result "1-0"]
[WhiteElo "2475"]
[BlackElo "2535"]
[EventDate "1975.05.01"]
[PlyCount "149"]

1.Nf3 g6 2.e4 Bg7 3.d4 d6 4.Nc3 Nf6 5.Be2 O-O 6.O-O c6 7.e5 dxe5 8.Nxe5 
Nbd7 9.Bf4 Nxe5 10.Bxe5 Bh6 11.Re1 Be6 12.Bf3 Re8 13.a3 Nd7 14.Bg3 Qb6 15.
d5 Bf5 16.Rb1 Rad8 17.Bh4 g5 18.Qd2 f6 19.Bg3 e5 20.dxe6 Ne5 21.Qe2 g4 22.
Be4 Bxe6 23.Bxe5 Rd2 24.Qf1 fxe5 25.Bd3 Bd5 26.Ne4 Bxe4 27.Rxe4 Rf8 28.
Rxg4+ Kh8 29.Qe1 Qxf2+ 30.Qxf2 Rfxf2 31.Re1 Bg7 32.h4 Kg8 33.b3 h6 34.a4 
Kf7 35.a5 Bf6 36.Rf1 Rxf1+ 37.Kxf1 Rd1+ 38.Ke2 Ra1 39.Rb4 Rxa5 40.Rxb7+ 
Ke6 41.g3 Be7 42.Rb8 Kd5 43.Re8 Ba3 44.Kf3 Bc1 45.Be4+ Kd6 46.Rg8 Kc5 47.
Rg6 Ra6 48.g4 Rb6 49.g5 hxg5 50.hxg5 Kb4 51.Rg8 c5 52.Kg4 Rd6 53.g6 Rd1 
54.Kg3 Rg1+ 55.Bg2 Bh6 56.Rh8 Bg7 57.Rh7 Bf6 58.Rf7 Bh8 59.g7 Bxg7 60.Rxg7
Kc3 61.Rg4 Re1 62.Rc4+ Kd2 63.Be4 Ke3 64.Kg2 Re2+ 65.Kg3 Re1 66.Bd3 Rg1+ 
67.Kh4 Kf2 68.Re4 Re1 69.Rxe1 Kxe1 70.Kg3 Kd2 71.Kf3 a5 72.Ke4 Kc3 73.Kxe5
c4 74.Bxc4 Kxc2 75.Kd4 1-0

[Event "3rd Tournament of Peace"]
[Site "Rovinj/Zagreb YUG"]
[Date "1975.05.11"]
[Round "9"]
[White "Ljubojevic, Ljubomir"]
[Black "Tringov, Georgi"]
[Result "1/2-1/2"]
[WhiteElo "2615"]
[BlackElo "2470"]
[EventDate "1975.05.01"]
[PlyCount "54"]

1.e4 c5 2.Nf3 d6 3.d4 cxd4 4.Nxd4 Nf6 5.Nc3 a6 6.f4 Qb6 7.Nf3 g6 8.Bc4 Bg7
9.Qe2 e6 10.Bb3 O-O 11.Be3 Qc7 12.O-O-O Nc6 13.Qd2 Rd8 14.f5 b5 15.Ng5 Na5
16.fxe6 Nxb3+ 17.axb3 Bxe6 18.Bd4 b4 19.Nd5 Bxd5 20.exd5 Re8 21.Rhf1 Ne4 
22.Nxe4 Rxe4 23.Bxg7 Kxg7 24.Rf4 Rxf4 25.Qxf4 Rc8 26.Qd2 a5 27.Re1 Qd8 
1/2-1/2

[Event "3rd Tournament of Peace"]
[Site "Rovinj/Zagreb YUG"]
[Date "1975.05.11"]
[Round "9"]
[White "Minic, Dragoljub"]
[Black "Nikolac, Juraj"]
[Result "0-1"]
[WhiteElo "2475"]
[BlackElo "2470"]
[EventDate "1975.05.01"]
[PlyCount "84"]

1.e4 e5 2.Nf3 Nc6 3.Bb5 a6 4.Ba4 Nf6 5.O-O Be7 6.Re1 b5 7.Bb3 d6 8.c3 O-O 
9.h3 Nd7 10.d4 Nb6 11.Nbd2 exd4 12.Nxd4 Bb7 13.Nxc6 Bxc6 14.Nf3 Bf6 15.Nd4
Bb7 16.Nf5 Qd7 17.Qf3 Rae8 18.Bd2 Nc4 19.Bxc4 bxc4 20.Rad1 Qc6 21.Ng3 Be5 
22.Nf5 Kh8 23.Bc1 Qa4 24.Bf4 g6 25.Bxe5+ Rxe5 26.Ng3 f5 27.Qf4 Qe8 28.Qd2 
f4 29.Nf1 Bxe4 30.Qd4 Bd3 31.b3 Kg8 32.Rxe5 Qxe5 33.bxc4 Qxd4 34.cxd4 Bxc4
35.Nd2 Bxa2 36.Ra1 Bd5 37.Rxa6 Ra8 38.Rxa8+ Bxa8 39.f3 Kf7 40.Kf2 Ke6 41.
Ke2 Bb7 42.Kd3 h6 0-1

[Event "3rd Tournament of Peace"]
[Site "Rovinj/Zagreb YUG"]
[Date "1975.05.11"]
[Round "9"]
[White "Tseshkovsky, Vitaly"]
[Black "Kuzmin, Gennady"]
[Result "1/2-1/2"]
[WhiteElo "2555"]
[BlackElo "2600"]
[EventDate "1975.05.01"]
[PlyCount "21"]

1.e4 g6 2.d4 d6 3.Nc3 Nf6 4.Nf3 Bg7 5.Be2 O-O 6.O-O Nc6 7.h3 e5 8.dxe5 
dxe5 9.Qxd8 Rxd8 10.Bg5 Be6 11.Rfd1 1/2-1/2

[Event "3rd Tournament of Peace"]
[Site "Rovinj/Zagreb YUG"]
[Date "1975.05.12"]
[Round "10"]
[White "Keene, Raymond Dennis"]
[Black "Kovacevic, Vlatko"]
[Result "1/2-1/2"]
[WhiteElo "2505"]
[BlackElo "2465"]
[EventDate "1975.05.01"]
[PlyCount "24"]

1.Nf3 d5 2.b3 Bg4 3.Bb2 Nd7 4.g3 Ngf6 5.Bg2 e6 6.O-O Bc5 7.d3 O-O 8.Nbd2 
Qe7 9.c4 Ba3 10.Bxa3 Qxa3 11.Qc1 Qd6 12.cxd5 exd5 1/2-1/2

[Event "3rd Tournament of Peace"]
[Site "Rovinj/Zagreb YUG"]
[Date "1975.05.12"]
[Round "10"]
[White "Matulovic, Milan"]
[Black "Tseshkovsky, Vitaly"]
[Result "0-1"]
[WhiteElo "2530"]
[BlackElo "2555"]
[EventDate "1975.05.01"]
[PlyCount "91"]

1.e4 e5 2.Nf3 Nc6 3.Bb5 a6 4.Ba4 Nf6 5.O-O Be7 6.Re1 b5 7.Bb3 O-O 8.a4 Bb7
9.d3 d6 10.Nc3 b4 11.Ne2 Na5 12.Ba2 d5 13.exd5 Bxd5 14.Nxe5 Bxa2 15.Rxa2 
Qd5 16.Nc4 Nxc4 17.Nf4 Qf5 18.Rxe7 Rae8 19.Rxe8 Rxe8 20.h3 Ne5 21.Ra1 h5 
22.Be3 h4 23.b3 a5 24.Rc1 g5 25.Nh5 Nd5 26.Bd4 Kh7 27.Qe2 Kg6 28.c4 bxc3 
29.Qe4 Qxe4 30.dxe4 Nb4 31.Rxc3 Kxh5 32.Rxc7 Nec6 33.Bc3 Rxe4 34.Rxf7 Nd5 
35.Bb2 Re2 36.Bh8 Nf4 37.Rc7 Re6 38.Rh7+ Rh6 39.Rc7 Rxh8 40.Rxc6 Rd8 41.
Ra6 Rd5 42.Kh2 Rc5 43.g4+ hxg3+ 44.fxg3 Rc2+ 45.Kh1 Nxh3 46.Rxa5 0-1

[Event "3rd Tournament of Peace"]
[Site "Rovinj/Zagreb YUG"]
[Date "1975.05.12"]
[Round "10"]
[White "Planinc, Albin"]
[Black "Marovic, Drazen"]
[Result "1-0"]
[WhiteElo "2535"]
[BlackElo "2490"]
[EventDate "1975.05.01"]
[PlyCount "67"]

1.g3 Nf6 2.Bg2 d5 3.d3 e5 4.Nf3 Nc6 5.O-O h6 6.c3 Bg4 7.Nbd2 Qd7 8.b4 Bd6 
9.e4 dxe4 10.dxe4 O-O-O 11.Bb2 Bxf3 12.Nxf3 Nxe4 13.Qa4 f5 14.Rfe1 Kb8 15.
Rad1 Qf7 16.a3 Ne7 17.c4 Qxc4 18.Nxe5 Bxe5 19.Bxe5 Nc6 20.Bxg7 Nc5 21.Bd5 
Rxd5 22.Bxh8 b5 23.Qxb5+ Qxb5 24.Rxd5 Nxb4 25.Rb1 Kc8 26.axb4 Qe8 27.Rxc5 
Qxh8 28.Rxf5 Qh7 29.Rf8+ Kb7 30.Rc1 Qe7 31.Rf4 h5 32.Rfc4 c6 33.h4 Qe6 34.
Rc5 1-0

[Event "3rd Tournament of Peace"]
[Site "Rovinj/Zagreb YUG"]
[Date "1975.05.12"]
[Round "10"]
[White "Sax, Gyula"]
[Black "Minic, Dragoljub"]
[Result "1-0"]
[WhiteElo "2510"]
[BlackElo "2475"]
[EventDate "1975.05.01"]
[PlyCount "47"]

1.e4 c5 2.Nf3 d6 3.d4 cxd4 4.Nxd4 Nf6 5.Nc3 a6 6.f4 Qc7 7.Bd3 g6 8.O-O Bg7
9.Nf3 Nbd7 10.Qe1 Nc5 11.e5 dxe5 12.fxe5 Nfd7 13.Bf4 Ne6 14.Bg3 Nb6 15.a4 
Bd7 16.a5 Nc8 17.Ne4 Bh6 18.Nf2 Na7 19.Ng4 Bf8 20.Ng5 Nxg5 21.e6 Qc5+ 22.
Bf2 Qd6 23.exd7+ Qxd7 24.Nf6+ 1-0

[Event "3rd Tournament of Peace"]
[Site "Rovinj/Zagreb YUG"]
[Date "1975.05.12"]
[Round "10"]
[White "Tringov, Georgi"]
[Black "Hulak, Krunoslav"]
[Result "1-0"]
[WhiteElo "2470"]
[BlackElo "2475"]
[EventDate "1975.05.01"]
[PlyCount "57"]

1.e4 e6 2.d4 c5 3.Nf3 cxd4 4.Nxd4 Nf6 5.Nc3 d6 6.g4 a6 7.g5 Nfd7 8.Bg2 Nc6
9.f4 Qc7 10.Nde2 Nb6 11.a3 Bd7 12.Qd3 Ne7 13.b3 d5 14.Bb2 O-O-O 15.O-O-O 
Bc6 16.Kb1 h6 17.Qh3 Ng6 18.exd5 hxg5 19.Qg4 Rh4 20.Qxg5 Be7 21.Qg3 exd5 
22.f5 Nf4 23.Nxf4 Qxf4 24.Ne2 Qxf5 25.Nd4 Qg6 26.Nxc6 bxc6 27.Qe3 Nd7 28.
Qxe7 Qxg2 29.Qxh4 1-0

[Event "3rd Tournament of Peace"]
[Site "Rovinj/Zagreb YUG"]
[Date "1975.05.14"]
[Round "11"]
[White "Hulak, Krunoslav"]
[Black "Kuzmin, Gennady"]
[Result "1-0"]
[WhiteElo "2475"]
[BlackElo "2600"]
[EventDate "1975.05.01"]
[PlyCount "57"]

1.e4 c5 2.Nf3 e6 3.Nc3 d6 4.d4 cxd4 5.Nxd4 Nc6 6.Be2 Nf6 7.O-O Be7 8.Be3 
O-O 9.f4 Qc7 10.Qe1 Bd7 11.Qg3 Nxd4 12.Bxd4 Bc6 13.Rae1 Rad8 14.Kh1 Kh8 
15.Bd3 b6 16.e5 dxe5 17.Bxe5 Qb7 18.Qh3 h6 19.Ne4 Nh7 20.Re3 f6 21.Bc3 Bd5
22.Qg3 Rg8 23.Qg6 Nf8 24.Qh5 Qd7 25.Ng5 e5 26.fxe5 Bc5 27.e6 Bxe6 28.Rxe6 
Nxe6 29.Nf7+ 1-0

[Event "3rd Tournament of Peace"]
[Site "Rovinj/Zagreb YUG"]
[Date "1975.05.14"]
[Round "11"]
[White "Ljubojevic, Ljubomir"]
[Black "Matulovic, Milan"]
[Result "1-0"]
[WhiteElo "2615"]
[BlackElo "2530"]
[EventDate "1975.05.01"]
[PlyCount "159"]

1.e4 c5 2.Nf3 Nc6 3.d4 cxd4 4.Nxd4 e6 5.Nb5 d6 6.c4 Nf6 7.N5c3 Be7 8.Be2 
O-O 9.O-O a6 10.Bf4 b6 11.Nd2 Bb7 12.Re1 Rc8 13.Rc1 Ne5 14.Bg3 Qc7 15.a3 
Rfd8 16.Bf1 Qb8 17.Qe2 Ng6 18.b4 Nd7 19.Qe3 Bh4 20.Bxh4 Nxh4 21.Nb3 Ng6 
22.Red1 Qc7 23.Rd4 Nf6 24.Rcd1 Rd7 25.a4 Ne5 26.a5 b5 27.c5 d5 28.f4 Nc6 
29.e5 Nxd4 30.Qxd4 Ng4 31.Re1 Nh6 32.Bd3 Rf8 33.Nd2 f5 34.exf6 Rxf6 35.g3 
Nf7 36.Nf3 Nd8 37.Ne5 Re7 38.Nd1 Nc6 39.Nxc6 Bxc6 40.Re5 Be8 41.Ne3 Bg6 
42.Be2 Be4 43.Kf2 Qc6 44.h4 Qe8 45.Ke1 Bf5 46.Kd2 Kf8 47.Ke1 Be4 48.Bh5 
Qc8 49.Kf2 Kg8 50.Bf3 Bxf3 51.Kxf3 Qe8 52.Ng4 Rf8 53.Rg5 Kh8 54.Kg2 h6 55.
Re5 Qg6 56.Nh2 Qc2+ 57.Kg1 Rf5 58.Nf3 Qc4 59.Re3 e5 60.Qxc4 bxc4 61.Nxe5 
Rb7 62.c6 Rc7 63.Kf2 g5 64.Kf3 gxf4 65.gxf4 Rf6 66.Rc3 Rcxc6 67.Nxc6 Rxc6 
68.Ke3 Rd6 69.Kd4 Kg7 70.Rg3+ Kf6 71.h5 Kf5 72.Rg6 Rd8 73.Rxa6 Kxf4 74.b5 
Rc8 75.Rf6+ Kg5 76.Rc6 Ra8 77.a6 Kxh5 78.Rc7 Kg4 79.a7 h5 80.b6 1-0

[Event "3rd Tournament of Peace"]
[Site "Rovinj/Zagreb YUG"]
[Date "1975.05.14"]
[Round "11"]
[White "Tseshkovsky, Vitaly"]
[Black "Keene, Raymond Dennis"]
[Result "1-0"]
[WhiteElo "2555"]
[BlackElo "2505"]
[EventDate "1975.05.01"]
[PlyCount "115"]

1.e4 c5 2.Nf3 d6 3.d4 cxd4 4.Nxd4 Nf6 5.Nc3 e6 6.Be2 a6 7.f4 Qc7 8.O-O Be7
9.Be3 O-O 10.Kh1 Nc6 11.Qe1 Nxd4 12.Bxd4 b5 13.e5 Ne8 14.Bf3 Bb7 15.f5 
dxe5 16.Bxe5 Qb6 17.fxe6 Bxf3 18.exf7+ Rxf7 19.Rxf3 Rxf3 20.gxf3 Nf6 21.
Ne4 Rf8 22.Rd1 Qe6 23.Bxf6 Bxf6 24.b3 Be5 25.Qe2 Qh3 26.Ng5 Qf5 27.Rd5 
Qxg5 28.Rxe5 Qg6 29.Re6 Qh5 30.Rxa6 h6 31.Re6 b4 32.Re5 Qg6 33.Qc4+ Kh8 
34.Qe4 Qa6 35.Kg2 Qc8 36.h4 Rd8 37.Qe2 Qc6 38.Re6 Qa8 39.Re4 Kh7 40.Rxb4 
Qxa2 41.Qe4+ Kh8 42.Rc4 Qa1 43.Qe3 Qd1 44.Rc5 Qd6 45.h5 Qd1 46.Kg3 Qd6+ 
47.Re5 Qc7 48.c4 Rd3 49.Qf4 Qc8 50.Qf7 Rd8 51.Qf4 Rf8 52.Qe3 Qb8 53.Kg2 
Qa8 54.b4 Qa4 55.Qc5 Qc2+ 56.Kg3 Rd8 57.b5 Qd1 58.Qe3 1-0

[Event "3rd Tournament of Peace"]
[Site "Rovinj/Zagreb YUG"]
[Date "1975.05.15"]
[Round "12"]
[White "Kuzmin, Gennady"]
[Black "Marovic, Drazen"]
[Result "1/2-1/2"]
[WhiteElo "2600"]
[BlackElo "2490"]
[EventDate "1975.05.01"]
[PlyCount "41"]

1.e4 e6 2.d4 d5 3.Nc3 Bb4 4.Ne2 dxe4 5.a3 Be7 6.Nxe4 Nf6 7.Nxf6+ Bxf6 8.
Be3 Nc6 9.Qd2 e5 10.d5 Ne7 11.O-O-O O-O 12.Nc3 Nf5 13.Bd3 Be7 14.h4 Nd6 
15.f3 f5 16.Bg5 h6 17.Bxe7 Qxe7 18.Rde1 Bd7 19.Qe3 Rfe8 20.f4 e4 21.Qd4 
1/2-1/2

[Event "3rd Tournament of Peace"]
[Site "Rovinj/Zagreb YUG"]
[Date "1975.05.15"]
[Round "12"]
[White "Matulovic, Milan"]
[Black "Hulak, Krunoslav"]
[Result "0-1"]
[WhiteElo "2530"]
[BlackElo "2475"]
[EventDate "1975.05.01"]
[PlyCount "110"]

1.e4 e6 2.d4 c5 3.Nf3 cxd4 4.Nxd4 Nc6 5.Nb5 d6 6.c4 Nf6 7.N5c3 a6 8.Na3 
Be7 9.Be2 O-O 10.O-O b6 11.Be3 Bb7 12.Qb3 Nd7 13.Rfd1 Rb8 14.Rac1 Re8 15.
Qc2 Ba8 16.f3 Bf8 17.Bf1 Qf6 18.Qf2 Rec8 19.Nab1 Nce5 20.Na4 Nc5 21.Nbc3 
Bc6 22.Nxc5 bxc5 23.b3 h6 24.Bd2 Ba8 25.h3 Nc6 26.Bd3 Nd4 27.Ne2 Nxe2+ 28.
Qxe2 Qd8 29.Bc2 e5 30.Qe3 Be7 31.f4 Bf6 32.Rb1 a5 33.g4 exf4 34.Qxf4 Be5 
35.Qf3 Bc6 36.Rf1 Qe7 37.Bxa5 Ra8 38.Bc3 Rxa2 39.Bxe5 Rxc2 40.Rb2 Bxe4 41.
Qxe4 Rxb2 42.Qf5 Qxe5 43.Qxc8+ Kh7 44.Qf5+ Qxf5 45.Rxf5 Rxb3 46.Kg2 Kg6 
47.Rd5 Rb6 48.h4 Kf6 49.g5+ hxg5 50.hxg5+ Ke6 51.Rd2 Rb4 52.Re2+ Kf5 53.
Rf2+ Kg6 54.Rd2 Rxc4 55.Rxd6+ Kxg5 0-1

[Event "3rd Tournament of Peace"]
[Site "Rovinj/Zagreb YUG"]
[Date "1975.05.15"]
[Round "12"]
[White "Sax, Gyula"]
[Black "Kovacevic, Vlatko"]
[Result "1-0"]
[WhiteElo "2510"]
[BlackElo "2465"]
[EventDate "1975.05.01"]
[PlyCount "93"]

1.e4 Nf6 2.e5 Nd5 3.d4 d6 4.c4 Nb6 5.f4 Bf5 6.Nc3 dxe5 7.fxe5 e6 8.Nf3 Nc6
9.Be3 Be7 10.d5 Nb4 11.Nd4 Bg6 12.a3 c5 13.axb4 cxd4 14.Bxd4 Bxb4 15.Be2 
O-O 16.d6 Rc8 17.Rxa7 Nxc4 18.Bxc4 Rxc4 19.O-O Qc8 20.Bf2 Rd8 21.Qf3 Bxc3 
22.bxc3 Be4 23.Qe2 Bd5 24.Bd4 Qd7 25.Rb1 Ra4 26.Ra1 Rxa1+ 27.Rxa1 Qc6 28.
Ra5 Rc8 29.Rc5 Qd7 30.Qb5 Bc6 31.Qa5 h6 32.h3 Kh7 33.Qa2 Qd8 34.Ra5 Qg5 
35.Qf2 Kg8 36.Ra1 Rd8 37.Re1 Qg6 38.Kh2 Rd7 39.Re3 Kh7 40.Rg3 Qe4 41.Rg4 
Qd3 42.Be3 Qf5 43.Qg3 f6 44.exf6 Qxf6 45.Bd4 Qf8 46.Rg6 Be4 47.Bxg7 1-0

[Event "3rd Tournament of Peace"]
[Site "Rovinj/Zagreb YUG"]
[Date "1975.05.15"]
[Round "12"]
[White "Tringov, Georgi"]
[Black "Minic, Dragoljub"]
[Result "1-0"]
[WhiteElo "2470"]
[BlackElo "2475"]
[EventDate "1975.05.01"]
[PlyCount "59"]

1.e4 c5 2.Nf3 d6 3.d4 cxd4 4.Nxd4 Nf6 5.Nc3 a6 6.Be2 e5 7.Nb3 Be6 8.f4 Qc7
9.g4 exf4 10.g5 f3 11.gxf6 fxe2 12.Qxe2 Nd7 13.Nd5 Bxd5 14.exd5+ Ne5 15.
Bg5 h6 16.Bh4 Qc4 17.Qxc4 Nxc4 18.O-O-O Kd7 19.Rhe1 gxf6 20.Bxf6 Rg8 21.
Nd4 Rc8 22.Re2 h5 23.Nf5 b5 24.Rde1 Kc7 25.Ne7 Bxe7 26.Rxe7+ Kb8 27.R7e2 
Rc5 28.b3 Na3 29.Kb2 b4 30.c4 1-0

[Event "3rd Tournament of Peace"]
[Site "Rovinj/Zagreb YUG"]
[Date "1975.05.17"]
[Round "13"]
[White "Ljubojevic, Ljubomir"]
[Black "Keene, Raymond Dennis"]
[Result "1-0"]
[WhiteElo "2615"]
[BlackElo "2505"]
[EventDate "1975.05.01"]
[PlyCount "81"]

1.e4 g6 2.d4 d6 3.Nf3 Nf6 4.Nbd2 Bg7 5.Bd3 O-O 6.O-O Nc6 7.c3 Re8 8.Nc4 
Nd7 9.b4 a6 10.a4 e5 11.Bg5 Bf6 12.Bxf6 Qxf6 13.d5 Ne7 14.a5 Qg7 15.Ne3 f5
16.Qb3 f4 17.Nd1 g5 18.Qc4 g4 19.Nd2 Qh6 20.Qxc7 Rf8 21.Nc4 Rf6 22.Nde3 
fxe3 23.fxe3 g3 24.hxg3 Ng6 25.Rxf6 Nxf6 26.Rf1 Bf5 27.Rxf5 Ng4 28.Qxd6 
Qh2+ 29.Kf1 Qh1+ 30.Ke2 Qxg2+ 31.Ke1 Kh8 32.Be2 Qxe4 33.Bxg4 Qxc4 34.Rf7 
Qxc3+ 35.Kf1 e4 36.Qf6+ Qxf6+ 37.Rxf6 Ne5 38.Bf5 Nf3 39.Ke2 Re8 40.Re6 Rd8
41.Rxe4 1-0